| 000 | 01173nam a22002657a 4500 | ||
|---|---|---|---|
| 005 | 20170124103118.0 | ||
| 010 | _aB-004339 | ||
| 020 |
_c00.00 _a8174871861 |
||
| 035 | _aB-004339 | ||
| 037 | _bCen Lib/Ret | ||
| 040 |
_aDPL _bHN |
||
| 082 |
_a336 _bसुदामा |
||
| 100 |
_aसुदामा सिंह _981325 |
||
| 245 |
_aसार्वनिक वित्त / _cसुदामा सिंह [एवं] राजीव कृष्ण सिंह |
||
| 246 |
_aSarvajnik vitta / _bby Sudama Singh [evam] Rajeev Krishn SIngh |
||
| 260 |
_aनयी दिल्ली _bराधा पब्लिकेशन _c2000 |
||
| 270 |
_bनयी दिल्ली _a4378/4B, अनासरी रोड, दरियागंज _e110002 |
||
| 300 |
_a383पृ. _c20सेमी(सजिल्द ) |
||
| 650 |
_aसार्वजनिक वित्त _x _z _981326 |
||
| 650 |
_aसरकारी व्यय _91413 |
||
| 650 |
_aPublic Finance _912243 |
||
| 650 |
_aPublic expenditure _981327 |
||
| 700 |
_aराजीव कृष्ण सिंह _94285 |
||
| 942 |
_2ddc _cHN _h336 _mसुदामा |
||
| 999 |
_c118656 _d118656 |
||